000 00611nam a2200217 a 4500
001 19274
003 CO-ViMGA
008 141112s2004 ck r 000 u spa d
020 _a8420638900
040 _aCO-ViMGA
_bspa
_cCO-ViMGA
082 0 4 _a813.5 L683
100 1 _aLovecraft, H.P.
_927685
245 1 0 _aEl Clerigo malvado y otros relatos
260 _aMadrid :
_bAlianza; 2001
300 _a210 p.
490 _aBiblioteca de fantasia y terror
590 _aForma de adquisición : Premio Mincultura
650 1 4 _aCUENTOS DE TERROR
_91077
650 1 4 _aCUENTOS ESTADOUNIDENSES
_92727
942 _2ddc
_cBK
999 _c28433
_d28433